[Event "Gipuzkoa-ch Seniors"]
[Site "Donostia"]
[Date "2010.12.29"]
[Round "4.5"]
[White "Goikoetxea Arruabarrena, Joseba"]
[Black "Juaristi Izaga, Jose Ignacio"]
[Result "0-1"]
[WhiteElo "1489"]
[BlackElo "1475"]
[PlyCount "108"]
[EventDate "2010.12.22"]
[EventType "swiss"]
[EventRounds "5"]
[EventCountry "ESP"]
[SourceTitle "EXT 2024"]
[Source "ChessBase"]
[SourceDate "2023.10.10"]
[SourceVersion "1"]
[SourceVersionDate "2023.10.10"]
[SourceQuality "1"]

1. d4 d5 2. Nf3 Nf6 3. Bg5 e6 4. e3 Be7 5. Bf4 Bd6 6. Nc3 Bxf4 7. exf4 c6 8. Ne5 Qb6 9. b3 Nbd7 10. Bd3 c5 11. Na4 Qa5+ 12. c3 cxd4 13. b4 Qc7 14. cxd4 Ne4 15. 0-0 f6 16. Rc1 Qd6 17. Qh5+ Ke7 18. Qf7+ Kd8 19. Nxd7 Qxd7 20. Qxd7+ Bxd7 21. Nc5 Nxc5 22. bxc5 Bc6 23. Rfe1 Kd7 24. g4 g6 25. f5 exf5 26. gxf5 g5 27. Re6 Rhf8 28. Rd6+ Kc7 29. Re1 Rae8 30. Ree6 a5 31. Be2 Rf7 32. Bh5 Rxe6 33. fxe6 Re7 34. Kg2 b5 35. a3 b4 36. axb4 axb4 37. Bd1 f5 38. Kg3 h5 39. f4 g4 40. h3 gxh3 41. Kxh3 Bb5 42. Rb6 Bc4 43. Ba4 b3 44. Rc6+ Kb7 45. Rb6+ Kc7 46. Bc6 Rxe6 47. Rb7+ Kxc6 48. Rb6+ Kd7 49. Rb7+ Kc8 50. Rb4 Re2 51. c6 b2 52. Rb7 Bd3 53. Rd7 b1Q 54. Rxd5 Qh1+ 0-1